000 01138nam a2200385 a 4500
003 AR-BaBNM
005 20251128210046.0
008 082120s2002 ||||||||||||||000 | spa||
020 _a968-24-3824-1
040 _cAR-BaBNM
100 1 _aGrabowski, Stanley M.
245 0 0 _aEducación de adultos
_bmanual de entrenamiento
250 _a2ª ed.
260 _aMéxico, D.F.
_bTrillas
_c1989
300 _a165 p.
500 _aContiene índice onomástico p. 157-160
500 _aContiene índice analítico p. 161-165
504 _aContiene bibliografía p. 145-156
650 4 _aEDUCACION DE ADULTOS
650 4 _aEDUCADORES DE ADULTOS
650 4 _aROL DEL DOCENTE
650 4 _aALUMNOS ADULTOS
650 4 _aCARACTERISTICAS DEL ADULTO
650 4 _aRECURSOS EDUCACIONALES
650 4 _aEDUCACION PERMANENTE
650 4 _aFORMACION PROFESIONAL
650 4 _aMETODOS DE FORMACION
650 4 _aRECURSOS HUMANOS
653 _aFORMACION DE FORMADORES
653 _aFORMACION LABORAL
700 1 _aGodínez, Eduardo
_etraductor
700 1 _aGarcía, Benilde
_erevisión
942 _cBK
998 _cRaquel
999 _c13844
_d13844